Geography True or False - Statistics

General Stats
  • This quiz has been taken 797 times
  • The average score is 10 of 20
Answer Stats
Question Answer % Correct
China covers 6 different time zones False
78%
A person from Moscow is known as a Moscovier False
78%
The population of the United Kingdom is almost two times that of Canada True
78%
Saudi Arabia has no permanent rivers True
72%
There currently exists a country which is led by a dead man True
72%
The tallest building in New York City is taller than any building in Europe True
67%
There are only two islands in the world with three different countries on them False
61%
The phenomenon known as the Aurora Borealis occurs at both the North and South pole False
61%
The Nile River flows through exactly 11 countries, more than any other river in the world True
56%
The U.S state of Texas is about the same size as Peru False
50%
The tallest mountain in Spain is not on mainland Spain True
50%
The most visited country in Africa is Morocco True
50%
Norway possesses multiple islands in the Southern Ocean True
44%
There is only one point in the world where four countries meet False
39%
The shortest route from Peru to Myanmar is traveling east True
28%
45% of all the world's people live in Asia False
22%
It is possible to go directly west from Portugal to Florida. False
22%
For a few days every year in Reykjavik, Iceland, the sun does not rise False
22%
South Africa's flag has exactly 5 different colors on it False
17%
Russia is the closest country to the U.S that does not border it, with it's closest point being only about 20 miles from Alaska False
11%
No matching quizzes found
Score Distribution
Percent of People with Each Score
Percentile by Number Answered
Your Score History
You have not taken this quiz